Pikovický blues Jitka Vrbová zpívá písničky Standy Chmelíka

Hlavní autor: Chmelík, Stanislav, 1941-2016
Korporativní autor: Akáty (hudební skupina)
Další autoři: Vrbová, Jitka, 1940-2025, Černý, Miroslav, 1937-, Maršálková, Helena, 1950-, Zich, Karel, 1949-2004, Krajník, Josef, 1939-, Linhart, Radim, 1963-
Jazyk: Čeština
Vydáno: Praha : Multisonic, p2009
Témata:
Fyzický popis: 1 zvuková deska : digital ; 12 cm
Zvukové nahrávky
Uloženo v:
LEADER 02550njm a2200505 a 4500
001 cpz20091967796
003 CZ PrNK
005 20090807172734.0
007 sd fsngnnmmned
008 090716p20091990xr mun g de cze
015 |a cnb001967796 
024 1 |a 741941075329 
028 0 1 |a 310753-2331  |b Multisonic 
040 |a ABA001  |b cze 
045 |a x9y0 
047 |a pp  |a bl 
072 7 |a 784  |x Vokální hudba  |2 Konspekt  |9 9 
080 |a 784.66:379.83/.84  |2 MRF 
080 |a 78.036.9.011.26  |2 MRF 
080 |a (086.76)  |2 MRF 
100 1 |a Chmelík, Stanislav,  |d 1941-2016  |7 jx20041108010  |4 cmp  |4 arr  |4 itr 
245 1 0 |a Pikovický blues  |h [zvukový záznam] :  |b Jitka Vrbová zpívá písničky Standy Chmelíka 
260 |a Praha :  |b Multisonic,  |c p2009 
300 |a 1 zvuková deska :  |b digital ;  |c 12 cm 
500 |a Texty Mirek Černý a další 
500 |a V pouzdře text písně Co nevidět se sejdem a poznámka od Jitky Vrbové 
500 |a Kompaktní deska 
505 0 0 |t Pikovický blues --  |t Léto už má celtu sbalenou --  |t Zase praská v krbu dříví --  |t Až skončí příští tejden --  |t Zas na nebi hvězdy blednou --  |t Co nevidět se sejdem --  |t Z Prahy až na onen svět --  |t Co ty o tom víš --  |t Knížka z dětství --  |t Lokálka do Říčan --  |t Údolí oddechu --  |t Malý hříbátko s hřívou plavou --  |t Marion --  |t Jedu kánoí --  |t Všem, kdo byli správní trampi --  |t Nad ránem --  |t Prší --  |t Jak víš --  |t Mistr a candáti --  |t Reduta blues --  |t Tak jako dřív 
511 0 |a Spoluúčinkuje Helena Maršálková, Tony Brych, zpěv ; hrají Akáty (Stanislav Chmelík) a hosté Karel Zich, Josef Krajník, Radim Linhart a další 
518 |a Nahráno ve studiu Charlies company v Průhonicích v letech 1990-2008 
650 0 7 |a trampské písně  |7 ph224481  |2 czenas 
650 0 7 |a blues  |7 ph118940  |2 czenas 
655 7 |a trampské písně  |7 fd133713  |2 czenas 
655 7 |a blues  |7 fd1027046  |2 czenas 
655 7 |a kompaktní disky  |7 fd201991  |2 czenas 
700 1 |a Vrbová, Jitka,  |d 1940-2025  |7 jn20000402621  |4 sng  |4 wam 
700 1 |a Černý, Miroslav,  |d 1937-  |7 jn19990209124  |4 lyr 
700 1 |a Maršálková, Helena,  |d 1950-  |7 mzk2003190827  |4 sng 
700 1 |a Zich, Karel,  |d 1949-2004  |7 jn19981002441  |4 itr 
700 1 |a Krajník, Josef,  |d 1939-  |7 jx20051019025  |4 itr 
700 1 |a Linhart, Radim,  |d 1963-  |7 xx0016245  |4 itr 
710 2 |a Akáty (hudební skupina)  |7 kn20010709230 
990 |a AM 
995 |a 01 
996 6 |b 261H017330  |c CD-0015.630  |l MZK  |r Sklad / do 24 hodin  |n 0  |p p.v.  |w 000968506  |u 000010  |a 1  |e BOA001  |j MZK50  |s P